Online katalóg knižníc regiónu Turca

Si taká nádherná (Record no. 21976)

MARC details
000 -LEADER
fixed length control field 02244cam a2200529 a 4500
001 - CONTROL NUMBER
control field 21976
003 - CONTROL NUMBER IDENTIFIER
control field VRT
005 - DATE AND TIME OF LATEST TRANSACTION
control field 20260317080014.0
008 - FIXED-LENGTH DATA ELEMENTS--GENERAL INFORMATION
fixed length control field 240226s2002 xo oa grf 000 0 slo
015 ## - NATIONAL BIBLIOGRAPHY NUMBER
National bibliography number SNBA2002/12-03781
020 ## - INTERNATIONAL STANDARD BOOK NUMBER
International Standard Book Number 8055102376
Qualifying information (viazané)
035 ## - SYSTEM CONTROL NUMBER
System control number SNK000391582
035 ## - SYSTEM CONTROL NUMBER
System control number urn:nbn:sk:snk-am3iqzy
035 ## - SYSTEM CONTROL NUMBER
System control number EF1598CD-ACB8-46C3-912A-634981FD0FC4
035 ## - SYSTEM CONTROL NUMBER
System control number urn:nbn:sk:snk-am00fekr
039 #9 - LEVEL OF BIBLIOGRAPHIC CONTROL AND CODING DETAIL [OBSOLETE]
Level of rules in bibliographic description 202410031324
Level of effort used to assign nonsubject heading access points AUTHORITY
Level of effort used to assign subject headings 202409120851
Level of effort used to assign classification AUTHORITY
Level of effort used to assign subject headings 202409120850
Level of effort used to assign classification AUTHORITY
Level of effort used to assign subject headings 202402261924
Level of effort used to assign classification VLOAD
040 ## - CATALOGING SOURCE
Original cataloging agency SNK
Language of cataloging slo
Transcribing agency SNK
Description conventions AACR2
041 1# - LANGUAGE CODE
Language code of text/sound track or separate title slo
Language code of original ger
044 ## - COUNTRY OF PUBLISHING/PRODUCING ENTITY CODE
MARC country code xo
ISO country code SK
072 #7 - SUBJECT CATEGORY CODE
Subject category code 316.3
Subject category code subdivision Globálne spoločnosti. Sociálna štruktúra. Sociálne skupiny
Source konspekt
080 ## - UNIVERSAL DECIMAL CLASSIFICATION NUMBER
Universal Decimal Classification number 316.346.2-055.25-053.6
Edition identifier 2011
080 ## - UNIVERSAL DECIMAL CLASSIFICATION NUMBER
Universal Decimal Classification number 646.7
Edition identifier 2011
080 ## - UNIVERSAL DECIMAL CLASSIFICATION NUMBER
Universal Decimal Classification number 687.55
Edition identifier 2011
080 ## - UNIVERSAL DECIMAL CLASSIFICATION NUMBER
Universal Decimal Classification number 613
Edition identifier 2011
080 ## - UNIVERSAL DECIMAL CLASSIFICATION NUMBER
Universal Decimal Classification number (035)
Edition identifier 2011
080 ## - UNIVERSAL DECIMAL CLASSIFICATION NUMBER
Universal Decimal Classification number 316.346.2-055.25
Edition identifier 2011
100 1# - MAIN ENTRY--PERSONAL NAME
Personal name Marquardt, Antonie
Relationship aut
240 10 - UNIFORM TITLE
Uniform title Girls : das Ravensburger Mädchenbuch : Psychotests, Familie, Styling-Tipps, Freundschaft, Du veränderst dich, Deine Zukunft, was Du fühlst, Liebe
Language of a work Slovensky
245 10 - TITLE STATEMENT
Title Si taká nádherná
Remainder of title módne trendy pre dievčatá
Statement of responsibility, etc. Antonie Marquardtová, Petra Springerová, Birgit Riegerová ; [z nemeckého originálu Girls : das Ravensburger Mädchenbuch : Psychotests, Familie, Styling-Tipps, Freundschaft, Du veränderst dich, Deine Zukunft, was Du fühlst, Liebe preložila Silvia Smidová]
260 ## - PUBLICATION, DISTRIBUTION, ETC.
Place of publication, distribution, etc. Bratislava
Name of publisher, distributor, etc. Ikar
Date of publication, distribution, etc. 2002
300 ## - PHYSICAL DESCRIPTION
Extent 156 strán
Other physical details fotografie (prevažne farebné), ilustrácie
Dimensions 21 cm
650 07 - SUBJECT ADDED ENTRY--TOPICAL TERM
Topical term or geographic name entry element dospievajúce dievčatá
Source of heading or term SNKPH
650 07 - SUBJECT ADDED ENTRY--TOPICAL TERM
Topical term or geographic name entry element starostlivosť o telo
Source of heading or term SNKPH
650 07 - SUBJECT ADDED ENTRY--TOPICAL TERM
Topical term or geographic name entry element kozmetika
Source of heading or term SNKPH
650 07 - SUBJECT ADDED ENTRY--TOPICAL TERM
Topical term or geographic name entry element životospráva
Source of heading or term SNKPH
650 07 - SUBJECT ADDED ENTRY--TOPICAL TERM
Topical term or geographic name entry element dievčatá
Source of heading or term SNKPH
655 #7 - INDEX TERM--GENRE/FORM
Genre/form data or focus term príručky
Source of term SNKPH
700 1# - ADDED ENTRY--PERSONAL NAME
Personal name Springer, Petra
Relationship aut
700 1# - ADDED ENTRY--PERSONAL NAME
Personal name Rieger, Birgit
Relationship aut
-- ill
700 1# - ADDED ENTRY--PERSONAL NAME
Personal name Smidová, Silvia,
Dates associated with a name 1947-
Relationship trl
910 ## - USER-OPTION DATA (OCLC)
User-option data snk
942 ## - ADDED ENTRY ELEMENTS (KOHA)
Source of classification or shelving scheme Dewey Decimal Classification
Koha item type Krásna literatúra pre deti
Suppress in OPAC No
949 ## - LOCAL PROCESSING INFORMATION (OCLC)
6 270001000213273
a svkbbA 107781
b svkbbm 650828
p 650.828
949 ## - LOCAL PROCESSING INFORMATION (OCLC)
6 17A0348347
a snkSC 108410
b snkKSP 7863/2002
s 6100:20201027
949 ## - LOCAL PROCESSING INFORMATION (OCLC)
6 17A0348348
a snkSC 108410 D1
b snkKSP 7864/2002
s 6721:20080606
949 ## - LOCAL PROCESSING INFORMATION (OCLC)
6 273K0120374
a svkpoA 184024
b svkpo459374
Holdings
Stav vyradenia Strata Poškodenie Spôsob nadobudnutia Domovská knižnica Aktuálna knižnica Dátum nadobudnutia Total checkouts Čiarový kód exemplára Date last seen Typ exemplára
      Dar Obecná knižnica Turčianska Štiavnička Obecná knižnica Turčianska Štiavnička 17.03.2026   4738000430 17.03.2026 Krásna literatúra pre deti
Projekt je podporený Slovenskou asociáciou knižníc
Prevádzkuje Turčianska knižnica Martin 2026